Oberzentren und Mittelzentren mit oberzentraler Teilfunktion in BW - Statistiken

Allgemein
  • Dieses Quiz wurde 58 mal gespielt
  • Das Durchschnittsergebnis liegt bei 13 aus 15
Antwortstatistiken
Stufe Stadt % Korrekt
Oberzentrum Heidelberg
98%
Oberzentrum Karlsruhe
98%
Oberzentrum Mannheim
98%
Oberzentrum Freiburg im Breisgau
96%
Oberzentrum Stuttgart
96%
Oberzentrum Ulm
96%
Oberzentrum Reutlingen/Tübingen
94%
Oberzentrum Heilbronn
92%
Oberzentrum Konstanz
90%
Oberzentrum Friedrichshafen/Ravensburg/Weingarten
84%
Oberzentrum Pforzheim
84%
Mittelzentrum mit oberzentraler Teilfunktion Baden-Baden
78%
Oberzentrum Lörrach/Weil am Rhein
63%
Oberzentrum Offenburg
59%
Oberzentrum Villingen-Schwenningen
57%
Keine übereinstimmenden Quizze gefunden
Verteilung der Resultate
Anzahl Personen mit jedem Resultat
Perzentil nach korrekt beantworteten Fragen
Ihre Resultats-Entwicklung
Sie haben dieses Quiz noch nicht gespielt